LDR 00945naa#a2200193#i#450# 001 RU\\bibl\117168 005 20260417102017.5 011 ## _a2782-5957 100 ## _a20260330b2026####ek#y0rusy0150####ca 102 ## _aRU 200 1# _aМЕТОДИКА ИССЛЕДОВАНИЙ КИНЕМАТИКИ ДВИЖЕНИЯ РАБОЧЕГО ОБОРУДОВАНИЯ БУЛЬДОЗЕРА С ВЫДВИЖНЫМИ СЕКЦИЯМИ _eЖурнальная статья 210 1# _aБрянск _cБрянский государственный технический университет _d2026 215 ## _a9 с. 608 ## _aЖурнальная статья _2local 675 ## _aМеханизированная разработка. 624.132.3 _z 686 ## _aОбщие вопросы транспорта. 391 _2bbk 700 #1 _aСладкова _gЛюбовь Александровна 700 #1 _aЩепалин _gДаниил Евгеньевич 856 4# _azh-szf.ru _u